Zgadnij, co to za państwo. - Statystyki

Ogólne statystyki
  • Ten quiz został rozwiązany 1 697 razy
  • Średni wynik to 6 z 15
Statystyki odpowiedzi
Podpowiedzi Państwa % Poprawnych
Leży w Azji, graniczy z Indiami i Chinami Bhutan/Nepal
72%
Największe państwo graniczące z Danią i USA Kanada
68%
Państwo Graniczące z Rosją i Koreą południową Korea północna
60%
Państwo, które ma stolicę, która była stolicą Jugosławi Serbia
48%
Trzecie największe państwo Ameryki Południowej Peru
45%
Państwo Afrykańskie, graniczące tylko z RPA Lesotho
43%
Drugie największe państwo na półwyspie Arabskim Jemen
40%
Wyspa Madera należy do tego państwa Portugalia
38%
Dziewiąte największe państwo świata Kazachstan
34%
Drugie największe państwo Europy Dania
32%
Najmniejsze państwo Oceani Nauru
31%
Drugie największe państwo Oceani Papua-Nowa Gwinea
29%
Wyspy na wschodzie od Madagaskaru Mauritius
25%
Państwo z największym PKB na mieszkańca Monako
22%
Państwo ze stolicą w Luandzie Angola
17%
Nie znaleziono quizów pasujących do podanych kryteriów
Rozkład punktacji
Procent ludzi z każdym wynikiem
Percentyl według liczby udzielonych odpowiedzi
Twoja historia wyników
Nie rozwiązałeś tego quizu